000 00286nam a22001337a 4500
020 _a81-7862-448-6
082 _a920
_bKAP/M
100 _aKAPUR,SADHNA
245 _aMOTHER TERESA
260 _aNEW DELHI
_bSTERLING PRESS
300 _a56
650 _aBIOGRAPHY
_zNEW DELHI
942 _cBK
999 _c5869
_d5869